The Year in Pictures: 1977 - Statistics

General Stats
  • This quiz has been taken 21 times
  • The average score is 12 of 20
Answer Stats
Picture Hint Answer % Correct
Died on August 16th in his Graceland mansion Elvis Presley
100%
Inaugurated the 39th President of the United States Jimmy Carter
100%
Won the Oscar for "Best Picture" at the 49th Academy Awards Rocky
89%
This top 5 grossing film of the year brought disco into the mainstream Saturday Night Fever
89%
This movie broke all previous box office records Star Wars
89%
This band released the album, Rumours Fleetwood Mac
72%
This future Tonight Show host made his first appearance on that show Jay Leno
72%
Members of this southern rock band died in a plane crash in October Lynyrd Skynyrd
72%
This hit television series premiered The Love Boat
67%
This Smokey and the Bandit star became a sex symbol Burt Reynolds
61%
These two men opened the doors of this legendary disco and night club Studio 54
56%
This Steven Spielberg movie first hit theaters Close Encounters of the Third Kind
50%
Steely Dan released this album Aja
44%
On July 13th and 14th, this occurred in New York City New York City Blackout
44%
David Berkowitz, serial killer who terrorized New York, was better known as Son of Sam
44%
This hit sit-com debuted Three's Company
44%
Both I and II of this spacecraft design were launched to explore the outer solar system Voyager
39%
This actress replaced Farrah Fawcett on Charlies Angels Cheryl Ladd
28%
This man was both a major fashion designer and regular in the New York disco scene. Halston
22%
This animated book adaptation premiered The Hobbit
17%
No matching quizzes found
Score Distribution
Percent of People with Each Score
Percentile by Number Answered
Your Score History
You have not taken this quiz